| 000 | 00462 a2200157 4500 | ||
|---|---|---|---|
| 005 | 20250610113710.0 | ||
| 020 | _a0-13-127677-8 | ||
| 082 | _a658.3 DES | ||
| 100 | _aDESSLER, G. | ||
| 245 | _aHuman Resources Management. | ||
| 250 | _a10th Ed. | ||
| 260 |
_aPearson Prentice Hall, _bCanada, _c2005. |
||
| 300 |
_axxi, 725p.: ill.; figure, picture, table _bGlossary & Index _c25cm. |
||
| 856 |
_yAccess Online Book _fManagement _dwww.prenhall.com |
||
| 942 |
_2ddc _cBKS |
||
| 999 |
_c2075 _d2075 |
||